The perfect English grammar workbook: (Record no. 3890)

MARC details
000 -LEADER
fixed length control field 01055nam a22002297a 4500
001 - CONTROL NUMBER
control field 3890
003 - CONTROL NUMBER IDENTIFIER
control field FISKH
005 - DATE AND TIME OF LATEST TRANSACTION
control field 20241212150917.0
008 - FIXED-LENGTH DATA ELEMENTS--GENERAL INFORMATION
fixed length control field 240521b cb ||||| |||| 00| 0 eng d
020 ## - INTERNATIONAL STANDARD BOOK NUMBER
International Standard Book Number 9781623157968
040 ## - CATALOGING SOURCE
Original cataloging agency FISKH
Language of cataloging eng
Transcribing agency FISKH
Modifying agency FISKH
050 ## - LIBRARY OF CONGRESS CALL NUMBER
Classification number PZ7
082 ## - DEWEY DECIMAL CLASSIFICATION NUMBER
Classification number 428.2
100 ## - MAIN ENTRY--PERSONAL NAME
Personal name McLendon, Lisa
245 ## - TITLE STATEMENT
Title The perfect English grammar workbook:
Remainder of title Simple rules and quizzes to master today's English /
Statement of responsibility, etc. Lisa McLendon
260 ## - PUBLICATION, DISTRIBUTION, ETC.
Place of publication, distribution, etc. Berkeley :
Name of publisher, distributor, etc. Zephyros Press,
Date of publication, distribution, etc. 2017.
300 ## - PHYSICAL DESCRIPTION
Extent 211 pages :
Dimensions 26 cm
520 ## - SUMMARY, ETC.
Summary, etc. Simple instructions followed by self-directed quizzes; RELEVANT, ENGAGING EXAMPLES that demonstrate grammar rules with wit, humor, and contemporary appeal; RECENT, UP-TO-DATE RULES based on the English language we use today; A WIDE VARIETY OF EXERCISES that make learning fun; HELPFUL FEATURES FOR CLASSROOM USE including standalone answer keys for easy photocopying and color-coded pages for quick navigation.
650 ## - SUBJECT ADDED ENTRY--TOPICAL TERM
Topical term or geographic name entry element To-read
Form subdivision Education
General subdivision Academic Book
942 ## - ADDED ENTRY ELEMENTS (KOHA)
Source of classification or shelving scheme Dewey Decimal Classification
Koha item type Books
Suppress in OPAC No
Holdings
Withdrawn status Lost status Source of classification or shelving scheme Damaged status Not for loan Collection Home library Current library Shelving location Date acquired Total Checkouts Full call number Barcode Date last seen Copy number Price effective from Koha item type
    Dewey Decimal Classification     Non-Fiction Footprints International School Library Network Toul Kork Campus Footprints International School Library Network Toul Kork Campus A TK Campus, 4th Floor, Room B401, Non-Fiction Bookcases(7-8) 05/21/2024   MCL 428.2 PZ7 2024-0668 05/21/2024 1 05/21/2024 Books
    Dewey Decimal Classification     Non-Fiction Footprints International School Library Network Toul Kork Campus Footprints International School Library Network Toul Kork Campus TTP Secondary Non-Fiction Bookshelves 05/21/2024   MCL 428.2 PZ7 2024-2446 12/12/2024 2 05/21/2024 Books
    Dewey Decimal Classification     Non-Fiction Footprints International School Library Network Toul Kork Campus Footprints International School Library Network Toul Kork Campus TTP Secondary Non-Fiction Bookshelves 05/21/2024   MCL 428.2 PZ7 2025-0036 01/15/2025 3 05/21/2024 Books
    Dewey Decimal Classification     Non-Fiction Footprints International School Library Network Toul Kork Campus Footprints International School Library Network Toul Kork Campus TTP Secondary Non-Fiction Bookshelves 05/21/2024   MCL 428.2 PZ7 2025-0040 01/17/2025 4 05/21/2024 Books